Basic electronics. V2 (Record no. 97424)
[ view plain ]
| 000 -LEADER | |
|---|---|
| fixed length control field | 00523nam a2200217Ia 4500 |
| 003 - CONTROL NUMBER IDENTIFIER | |
| control field | OSt |
| 005 - DATE AND TIME OF LATEST TRANSACTION | |
| control field | 20220411094110.0 |
| 008 - FIXED-LENGTH DATA ELEMENTS--GENERAL INFORMATION | |
| fixed length control field | 210210b1994 xxu||||| |||| 00| 0 eng d |
| 040 ## - CATALOGING SOURCE | |
| Transcribing agency | |
| 041 ## - LANGUAGE CODE | |
| Language code of text/sound track or separate title | English |
| 082 ## - DEWEY DECIMAL CLASSIFICATION NUMBER | |
| Classification number | 621.381 BASB |
| 100 ## - MAIN ENTRY--PERSONAL NAME | |
| Personal name | BASAVARAJ (B) |
| 9 (RLIN) | 29061 |
| 245 ## - TITLE STATEMENT | |
| Title | Basic electronics. V2 |
| 260 ## - PUBLICATION, DISTRIBUTION, ETC. | |
| Place of publication, distribution, etc. | Bangalore. |
| Name of publisher, distributor, etc. | Mahalaxmi Publications, |
| Date of publication, distribution, etc. | 1994 |
| 300 ## - PHYSICAL DESCRIPTION | |
| Extent | 371 |
| 440 ## - SERIES STATEMENT/ADDED ENTRY--TITLE | |
| Title | 2 |
| 9 (RLIN) | 29062 |
| 650 ## - SUBJECT ADDED ENTRY--TOPICAL TERM | |
| Topical term or geographic name entry element | Electronics II PUC |
| 9 (RLIN) | 29063 |
| 690 ## - LOCAL SUBJECT ADDED ENTRY--TOPICAL TERM (OCLC, RLIN) | |
| Topical term or geographic name as entry element | Electronic |
| 9 (RLIN) | 29064 |
| 906 ## - LOCAL DATA ELEMENT F, LDF (RLIN) | |
| a | 04875 |
| 942 ## - ADDED ENTRY ELEMENTS (KOHA) | |
| Source of classification or shelving scheme | Dewey Decimal Classification |
| Koha item type | Book |
| Withdrawn status | Lost status | Source of classification or shelving scheme | Damaged status | Not for loan | Collection code | Home library | Current library | Date acquired | Cost, normal purchase price | Total Checkouts | Full call number | Barcode | Date last seen | Price effective from | Koha item type |
|---|---|---|---|---|---|---|---|---|---|---|---|---|---|---|---|
| Discarded | Dewey Decimal Classification | Electronics | St Aloysius Library | St Aloysius Library | 02/17/2021 | 55.00 | 621.381 BASB | 048753 | 02/17/2021 | 02/17/2021 | Book | ||||
| Discarded | Dewey Decimal Classification | Electronics | St Aloysius Library | St Aloysius Library | 02/17/2021 | 55.00 | 621.381 BASB | 048754 | 02/17/2021 | 02/17/2021 | Book | ||||
| Discarded | Dewey Decimal Classification | Electronics | St Aloysius Library | St Aloysius Library | 02/17/2021 | 55.00 | 621.381 BASB | 048752 | 02/17/2021 | 02/17/2021 | Book | ||||
| Discarded | Dewey Decimal Classification | Electronics | St Aloysius Library | St Aloysius Library | 02/17/2021 | 55.00 | 621.381 BASB | 048751 | 02/17/2021 | 02/17/2021 | Book | ||||
| Discarded | Dewey Decimal Classification | Electronics | St Aloysius Library | St Aloysius Library | 02/17/2021 | 55.00 | 621.381 BASB | 048755 | 02/17/2021 | 02/17/2021 | Book |